书目信息 |
| 题名: |
从芳香疗法开启幸福的味道
|
|
| 作者: | 陈秀丽 著 | |
| 分册: | ||
| 出版信息: | 北京 中信出版社 2016.06 |
|
| 页数: | 174页 | |
| 开本: | 21cm | |
| 丛书名: | ||
| 单 册: | ||
| 中图分类: | R161 , TQ654 | |
| 科图分类: | ||
| 主题词: | 香精油--基本知识--保健 , 香精油 , 保健 | |
| 电子资源: | ||
| ISBN: | 978-7-5086-1590-5 | |
| 000 | 00844nam0 2200253 450 | |
| 001 | 1069 | |
| 005 | 20161008080825.60 | |
| 010 | @a978-7-5086-1590-5@b平装@dCNY26.00 | |
| 100 | @a20090915d2016 em y0chiy50 ea | |
| 101 | 0 | @achi |
| 102 | @aCN@b110000 | |
| 105 | @aa z 000yy | |
| 200 | 1 | @a从芳香疗法开启幸福的味道@9cong fang xiang liao fa kai qi xing fu de wei dao@f陈秀丽著 |
| 210 | @a北京@c中信出版社@d2016.06 | |
| 215 | @a174页@c图@d21cm | |
| 330 | @a本书是一本简便、易行、精华的精油DIY使用手册,分析了20种精油圣草的芳香妙用,指导读者调养心灵的5大芳疗运用法以及稳定情绪的15种DIY芳疗妙方。 | |
| 606 | 0 | @a香精油@x基本知识@x保健 |
| 606 | 0 | @a香精油 |
| 606 | 0 | @a保健 |
| 690 | @aR161@v4 | |
| 690 | @aTQ654@v4 | |
| 701 | 0 | @a陈秀丽@9chen xiu li@c(保健)@4著 |
| 801 | 0 | @aCN@b唐山师范学院图书馆@c20160830 |
| 905 | @aZUCC@dR161@e227 | |
| 从芳香疗法开启幸福的味道/陈秀丽著.-北京:中信出版社,2016.06 |
| 174页:图;21cm |
| ISBN 978-7-5086-1590-5(平装):CNY26.00 |
| 本书是一本简便、易行、精华的精油DIY使用手册,分析了20种精油圣草的芳香妙用,指导读者调养心灵的5大芳疗运用法以及稳定情绪的15种DIY芳疗妙方。 |
| ● |
| 相关链接 |
|
|
|
|
正题名:从芳香疗法开启幸福的味道
索取号:R161/227
 
预约/预借
| 序号 | 登录号 | 条形码 | 馆藏地/架位号 | 状态 | 备注 |
| 1 | 906745 | 209067454 | 第二样本阅览室/ [索取号:R161/227] | 在馆 | |
| 2 | 906746 | 209067463 | 第三借阅区/ [索取号:R161/227] | 在馆 | |
| 3 | 906747 | 209067472 | 第三借阅区/ [索取号:R161/227] | 在馆 | |
| 4 | 906748 | 209067481 | 第三借阅区/ [索取号:R161/227] | 在馆 | |
| 5 | 906749 | 209067490 | 第三借阅区/ [索取号:R161/227] | 在馆 |